Online
Catalog

Vision de un pueblo. (Record no. 5519)

MARC details
000 -CABECERA
campo de control de longitud fija 00454cam a22001571 4500
001 - NÚMERO DE CONTROL
campo de control 000005723
005 - FECHA Y HORA DE LA ÚLTIMA TRANSACCIÓN
campo de control 20200929151747.0
008 - DATOS DE LONGITUD FIJA--INFORMACIÓN GENERAL
campo de control de longitud fija 750925s1951 dr 000 0 spa
040 ## - FUENTE DE LA CATALOGACIÓN
Centro catalogador/agencia de origen DO-SdBNP
Lengua de catalogación spa
Centro/agencia transcriptor BNPHU
082 ## - NÚMERO DE LA CLASIFICACIÓN DECIMAL DEWEY
Número de clasificación xxxx
Número de documento/Ítem G166v
100 1# - ENTRADA PRINCIPAL--NOMBRE DE PERSONA
Nombre de persona Gallegos, Gerardo.
9 (RLIN) 16179
245 10 - MENCIÓN DE TÍTULO
Título Vision de un pueblo.
260 ## - PUBLICACIÓN, DISTRIBUCIÓN, ETC.
Lugar de publicación, distribución, etc. Ciudad Trujillo, República Dominicana :
Nombre del editor, distribuidor, etc. Montalvo,
Fecha de publicación, distribución, etc. 1951.
300 ## - DESCRIPCIÓN FÍSICA
Extensión 190 p. ;
Dimensiones 24 cm.
910 ## - DATOS DE OPCIÓN DEL USUARIO (OCLC)
Datos de opción del usuario Catalogación por copia / LC
Holdings
Estado de retiro Estado de pérdida Restricciones de uso No para préstamo Código de colección Localización permanente Ubicación/localización actual Ubicación en estantería Fecha de adquisición Número de inventario Total de préstamos Signatura topográfica completa Código de barras Fecha visto por última vez Número de copia Precio válido a partir de Tipo de ítem Koha Nota pública
        Raros y valiosos General General En catalogación 09.09.2010 LF1   xxxx G166v 5723-30 25.06.2020 e. 3 25.06.2020 Préstamo en sala  
  Extraviado     Raros y valiosos General General Extraviado 24.03.2011 LF1   xxxx G166v 5723-40 25.06.2020 e. 4 25.06.2020 Préstamo en sala  
      Excluido de préstamo Raros y valiosos Patrimonio Dominicano Patrimonio Dominicano Depósito 21.08.2009 LF1   xxxx G166v 5723-10 25.06.2020   25.06.2020 No se presta Perteneció a la bilbioteca personal de Germán Emilio Ornes.
      Excluido de préstamo Raros y valiosos Patrimonio Dominicano Patrimonio Dominicano En catalogación 09.09.2010 LF1   xxxx G166v 5723-20 25.06.2020 e. 2 25.06.2020 No se presta Dedicada por el autor.

Powered by Koha